Pokémon - Les attaques de Cocotine - Statistiques

Statistiques générales
  • Ce quiz a été pris 14 fois
  • Le résultat moyen est 9 sur 18
Statistiques - réponses
Niveaux Types Noms des attaques % Correct
Niveau 30 Fée Charme
100%
Niveau 36 Fée Pouvoir Lunaire
100%
Niveau 27 Psy Psyko
83%
Niveau 15 Fée Vampibaiser
83%
Niveau 9 Fée Voix Enjôleuse
83%
Départ Fée Brume Capiteuse
67%
Départ Normal Doux Parfum
67%
Départ Fée Vent Féérique
67%
Niveau 12 Plante Aromathérapie
50%
Niveau 24 Fée Champ Brumeux
50%
Départ Fée Doux Baiser
50%
Niveau 33 Psy Plénitude
50%
Niveau 18 Normal Attraction
33%
Niveau 42 Normal Boost
17%
Niveau 39 Psy Échange
17%
Départ Psy Vibra Soin
17%
Départ Normal Écho
0%
Niveau 21 Normal Gigotage
0%
Aucun quiz correspondant
Distribution des résultats
% des personnes avec chaque résultat
Percentile par nombre de réponses
Votre historique - résultats
Vous n’avez pas pris ce quiz